000 01281nam0a22002771 4500
001 rc\2811657
005 20250806210651.0
035 _a(NLR Aleph) 006937495
090 _a14984
_c14984
100 _a20110915d1944 u y0rusy50 ca
101 0 _arus
102 _aRU
105 _aa j |||||
200 1 _aРуководство для машиниста паровой турбины
_eУчебник для ремесл. и ж.-д. училищ
_eУтв. Учеб.-производств. советом Гл. упр. труд. резервов в качестве учебника для ремесл. и ж.-д. училищ
_fН. М. Долговский
_gГл. упр. труд. резервов при СНК СССР
205 _a[2-е изд.]
210 _aМосква
_aЛенинград
_cГос. энергет. изд-во
_d1944
_eМосква
215 _a164 с., 2 л. черт.
_cил., черт.
_d20 см.
320 _aБиблиогр.: стр. 151
700 1 _aДолговский
_bН.М.
_gНиколай Митрофанович
801 0 _aRU
_bNLR
_gpsbo
801 1 _aRU
_bELAR
_2rusmarc
852 _aNLR
_jТ14 Г-3/25
942 _cBOOK
945 _aРоссийская национальная библиотека
980 _aNB
980 _aBV